[Event "It  'Kremlin Stars ' (active)"]
[Site "?"]
[Date "1994.??.??"]
[Round "5"]
[White "Kramnik Vladimir"]
[Black "Anand Viswanathan"]
[Result "0-1"]
[WhiteElo "2710"]
[BlackElo "2715"]
[PlyCount "106"]
[EventDate "1994.??.??"]
[Source "www.chesslib.no"]
[SourceDate "2004.05.04"]

1. Nf3 c5 2. g3 g6 3. Bg2 Bg7 4. O-O Nc6 5. d3 Nf6 6. e4 O-O 7. Re1 d6 8. Nc3 Bg4 9. h3 Bxf3 10. Bxf3 Rb8 11. Bg2 b5 12. a3 Nd7 13. e5 Nd4 14. exd6 exd6 15. Nd5 Nb6 16. Ne7+ Kh8 17. Bg5 Qd7 18. Be3 Ne6 19. Nc6 Rbc8 20. d4 Rxc6 21. d5 Rcc8 22. dxe6 fxe6 23. Bf4 e5 24. Be3 d5 25. b4 d4 26. Bg5 c4 27. Qd2 Qf5 28. h4 Na4 29. Be4 Qf7 30. h5 gxh5 31. Bg2 Nc3 32. Rf1 e4 33. Rae1 Qg6 34. Be7 Rf7 35. Bc5 d3 36. cxd3 cxd3 37. Kh2 h4 38. Qe3 Re8 39. Bd4 Bxd4 40. Qxd4+ Qg7 41. Qe3 Nd5 42. Qc5 Nf6 43. Bh3 Rg8 44. Qd6 Rc7 45. Rc1 Rxc1 46. Rxc1 hxg3+ 47. fxg3 e3 48. Be6 d2 49. Rg1 Ne4 50. Qf4 e2 51. Bxg8 e1=Q 52. Bd5 Qf2+ 53. Qxf2 Nxf2 0-1

[Event "Monte Carlo MNC"]
[Site "?"]
[Date "2006.03.21"]
[Round "4"]
[White "Aronian Levon"]
[Black "Nielsen Peter Heine"]
[Result "1/2-1/2"]
[WhiteElo "2752"]
[BlackElo "2644"]
[PlyCount "38"]
[EventDate "2006.??.??"]
[Source "www.chesslib.no"]
[SourceDate "2004.05.04"]

1. g3 c5 2. Bg2 g6 3. Nf3 Bg7 4. O-O Nc6 5. c3 e5 6. d3 Nge7 7. Nbd2 O-O 8. a3 a5 9. Qa4 Rb8 10. Qh4 d5 11. e4 d4 12. cxd4 cxd4 13. b4 axb4 14. axb4 Nxb4 15. Ba3 Nec6 16. Rfb1 Bf6 17. Qh6 Bg7 18. Qh4 Bf6 19. Qh6 Bg7 1/2-1/2

[Event "Reggio Emilia"]
[Site "?"]
[Date "1991.??.??"]
[Round "?"]
[White "Ivanchuk, V."]
[Black "Polugaevsky, L."]
[Result "1/2-1/2"]
[WhiteElo "2735"]
[BlackElo "2630"]
[PlyCount "106"]
[EventDate "1991.??.??"]
[Source "ChessBase"]
[SourceDate "1991.10.01"]

1. Nf3 c5 2. g3 Nc6 3. Bg2 g6 4. c3 Bg7 5. d4 cxd4 6. cxd4 d5 7. Nc3 e6 8. O-O Nge7 9. b3 O-O 10. e3 b6 11. Ba3 Ba6 12. Re1 Rc8 13. Rc1 Re8 14. b4 Bb7 15. g4 Rc7 16. Re2 Nc8 17. Rec2 Nd6 18. b5 Na5 19. Bxd6 Qxd6 20. Ne4 dxe4 21. Rxc7 exf3 22. Bxf3 Re7 23. R7c2 h6 24. Bxb7 Rxb7 25. Qf3 Rd7 26. h4 e5 27. dxe5 Qxe5 28. h5 Kh7 29. hxg6+ fxg6 30. a4 Nb3 31. Rd1 Qf6 32. Qe2 Re7 33. Kg2 Nc5 34. a5 Ne6 35. Qf3 Qxf3+ 36. Kxf3 bxa5 37. Rd6 Nc7 38. b6 axb6 39. Rxb6 Nd5 40. Rb5 Rf7+ 41. Kg2 Nb4 42. Rc4 Nd3 43. f4 Nb2 44. Rc2 a4 45. Rbxb2 Bxb2 46. Rxb2 a3 47. Ra2 Ra7 48. e4 Kg7 49. e5 Kf7 50. f5 gxf5 51. gxf5 Ra5 52. Kg3 Rxe5 53. Rxa3 Rxf5 1/2-1/2

[Event "North Bay Open"]
[Site "North Bay CAN"]
[Date "1994.??.??"]
[Round "?"]
[White "Yermolinsky, Alex"]
[Black "Shirov, Alexei D"]
[Result "1/2-1/2"]
[WhiteElo "2620"]
[BlackElo "2715"]
[PlyCount "39"]
[EventDate "1994.??.??"]
[Source "www.chesslib.no"]
[SourceDate "2004.05.04"]

1. e4 c5 2. Nf3 e6 3. d3 Nc6 4. g3 g6 5. Bg2 Bg7 6. O-O Nge7 7. Re1 O-O 8. c3 d6 9. Be3 b6 10. d4 Bb7 11. Na3 cxd4 12. cxd4 Rc8 13. Qd2 Na5 14. Bg5 Qd7 15. b3 f5 16. e5 dxe5 17. Nxe5 Bxe5 18. dxe5 Qxd2 19. Bxd2 Bxg2 20. Kxg2 1/2-1/2

[Event "11 Monaco"]
[Site "11 Monaco"]
[Date "1994.??.??"]
[Round "?"]
[White "Ljubojevic, Ljubomir"]
[Black "Anand, Viswanathan"]
[Result "0-1"]
[WhiteElo "2600"]
[BlackElo "2715"]
[PlyCount "62"]
[EventDate "1994.??.??"]
[Source "www.chesslib.no"]
[SourceDate "2004.05.04"]

1. e4 c5 2. Nf3 d6 3. g3 Nf6 4. d3 g6 5. Bg2 Bg7 6. O-O O-O 7. Re1 Nc6 8. c3 Bg4 9. h3 Bxf3 10. Bxf3 Nd7 11. Bg2 Rb8 12. Be3 Qc7 13. Na3 b5 14. Nc2 b4 15. d4 a5 16. Qd2 a4 17. Bf1 bxc3 18. bxc3 Qa5 19. Qd3 Rb2 20. Na3 cxd4 21. cxd4 Nde5 22. dxe5 Nxe5 23. Nc4 Nxd3 24. Nxa5 Nxe1 25. Rxe1 Rxa2 26. Nc6 Re8 27. Bb5 a3 28. Nb4 Rb2 29. Bxe8 Rxb4 30. Bd2 Rb8 31. Bg5 a2 0-1

[Event "Amber-blind 3rd"]
[Site "Monte Carlo"]
[Date "1994.??.??"]
[Round "3"]
[White "Ljubojevic, Ljubomir"]
[Black "Kramnik, Vladimir"]
[Result "1-0"]
[WhiteElo "2600"]
[BlackElo "2710"]
[PlyCount "77"]
[EventDate "1994.03.??"]
[Source "ChessBase"]

1. e4 c5 2. Nf3 Nc6 3. g3 Nf6 4. d3 g6 5. Bg2 Bg7 6. O-O d6 7. Re1 Bg4 8. h3 Bxf3 9. Qxf3 O-O 10. c3 Rb8 11. Qd1 Nd7 12. Be3 b5 13. d4 b4 14. e5 bxc3 15. bxc3 Qc7 16. exd6 exd6 17. Na3 Rfc8 18. Rc1 Na5 19. Qa4 a6 20. Rb1 Nc6 21. Rxb8 Ncxb8 22. Rb1 Qd8 23. Nc4 cxd4 24. cxd4 Nf8 25. Nb6 Rc7 26. Nd5 Rc8 27. Rb7 Nfd7 28. Qb3 Nc6 29. Nb6 Na5 30. Rxd7 Nxb3 31. Rxd8+ Rxd8 32. axb3 d5 33. Nxd5 Rb8 34. b4 Bf8 35. Bd2 Rc8 36. Kf1 Rc4 37. Bc3 Bxb4 38. Bxb4 Rxd4 39. Ne7+ 1-0

[Event "Pedro Zabala (6eme memorial)"]
[Site "?"]
[Date "2004.10.12"]
[Round "7"]
[White "Ponomariov Ruslan"]
[Black "Karjakin Sergey"]
[Result "1/2-1/2"]
[WhiteElo "2710"]
[BlackElo "2576"]
[PlyCount "48"]
[EventDate "2004.??.??"]
[Source "www.chesslib.no"]
[SourceDate "2004.05.04"]

1. Nf3 c5 2. g3 Nc6 3. Bg2 g6 4. d4 cxd4 5. Nxd4 Bg7 6. Nxc6 bxc6 7. O-O Rb8 8. Nd2 Nf6 9. e4 O-O 10. e5 Nd5 11. c4 Nb6 12. Re1 d6 13. exd6 exd6 14. Bxc6 Qc7 15. Bg2 Be6 16. Rb1 Nxc4 17. Nxc4 Qxc4 18. b3 Qa6 19. Bb2 Qxa2 20. Bxg7 Kxg7 21. Qxd6 Rxb3 22. Ra1 Qb2 23. Rxa7 Rb6 24. Qf4 Qf6 1/2-1/2

[Event "Groningen Festival"]
[Site "Groningen"]
[Date "1998.12.30"]
[Round "10"]
[White "Yermolinsky, Alex"]
[Black "Almasi, Zoltan"]
[Result "0-1"]
[WhiteElo "2625"]
[BlackElo "2650"]
[PlyCount "98"]
[EventDate "1998.12.20"]
[Source "ChessBase"]
[SourceDate "1999.04.01"]

1. Nf3 c5 2. g3 Nc6 3. Bg2 g6 4. c3 Bg7 5. d4 cxd4 6. cxd4 Nf6 7. Nc3 d5 8. Ne5 e6 9. O-O O-O 10. Bf4 Bd7 11. Qd2 Nxe5 12. Bxe5 Bc6 13. Rfd1 Rc8 14. Rac1 Nd7 15. Bxg7 Kxg7 16. e3 Nb6 17. b3 Qe7 18. Qb2 Kg8 19. h4 h5 20. Qd2 Qb4 21. Bf1 a5 22. Bd3 Kg7 23. Ne2 Qxd2 24. Rxd2 Ra8 25. a3 Nc8 26. Rdc2 Nd6 27. Rc5 Kf6 28. f3 Ke7 29. Kf2 Rfc8 30. Nf4 Kd7 31. g4 a4 32. b4 b6 33. R5c3 Bb5 34. gxh5 Rxc3 35. Rxc3 gxh5 36. Bxb5+ Nxb5 37. Rd3 Rg8 38. e4 dxe4 39. fxe4 Rg4 40. Nxh5 Rxh4 41. Ng3 Rh2+ 42. Ke3 Ra2 43. d5 e5 44. Nf5 Rxa3 45. Rxa3 Nxa3 46. Kd3 b5 47. Nh6 Nc4 48. Kc2 Ne3+ 49. Kc3 f6 0-1

[Event "simul"]
[Site "?"]
[Date "1984.??.??"]
[Round "?"]
[White "Pablo"]
[Black "Kasparov, Gary"]
[Result "1/2-1/2"]
[WhiteElo "2560"]
[BlackElo "2710"]
[PlyCount "95"]
[EventDate "1984.??.??"]
[Source "www.chesslib.no"]
[SourceDate "2004.05.04"]

1. e4 c5 2. Nf3 e6 3. d3 Nc6 4. g3 g6 5. Bg2 Bg7 6. O-O Nge7 7. Re1 d6 8. h4 e5 9. Be3 O-O 10. Qd2 f5 11. Nc3 Nd4 12. Bg5 Be6 13. exf5 gxf5 14. Nxd4 cxd4 15. Nd5 Bxd5 16. Bxd5+ Kh8 17. Bxb7 Rb8 18. Bg2 f4 19. Qe2 Bf6 20. Be4 d5 21. Bxh7 Kxh7 22. Qh5+ Kg8 23. Bxf6 Rxf6 24. Rxe5 Ng6 25. Rg5 Kg7 26. Re1 Qc7 27. Qg4 fxg3 28. f4 Qxc2 29. Qxg3 Qc7 30. h5 Rbb6 31. Re2 Qxf4 32. Qxf4 Rxf4 33. hxg6 Rb7 34. Rh2 Kf6 35. g7 Rxg7 36. Rxg7 Kxg7 37. Rc2 Kh6 38. Rf2 Rg4+ 39. Kf1 Rh4 40. Ke2 Kg5 41. Kd2 Rh7 42. Kc2 Re7 43. Kb3 Re3 44. Rd2 Kf4 45. Kb4 Rh3 46. Kc5 Ke3 47. Rg2 Kxd3 48. Rg4 1/2-1/2

[Event "Banker's"]
[Site "Banker's"]
[Date "1990.??.??"]
[Round "?"]
[White "Salov, Valery B"]
[Black "Gulko, Boris F"]
[Result "1/2-1/2"]
[WhiteElo "2645"]
[BlackElo "2610"]
[PlyCount "145"]
[EventDate "1990.??.??"]
[Source "www.chesslib.no"]
[SourceDate "2004.05.04"]

1. Nf3 c5 2. g3 Nc6 3. Bg2 g6 4. O-O Bg7 5. c4 Nh6 6. Na3 Nf5 7. Nc2 O-O 8. Rb1 a5 9. b3 d6 10. Bb2 e5 11. Ne3 Nfd4 12. Nd5 Nb4 13. Nc3 Bg4 14. a3 Nbc6 15. e3 Nxf3+ 16. Bxf3 Bh3 17. Bg2 Bxg2 18. Kxg2 f5 19. f4 Qd7 20. Nd5 Rae8 21. Bc3 exf4 22. gxf4 Bxc3 23. Nxc3 Ne7 24. Qf3 Ra8 25. b4 cxb4 26. axb4 a4 27. Ra1 Rfc8 28. Nd5 Nxd5 29. Qxd5+ Qf7 30. Qxf7+ Kxf7 31. Rfc1 Ke6 32. Ra3 b5 33. d3 Rab8 34. Rb1 bxc4 35. dxc4 Rxc4 36. Rxa4 h6 37. h4 Kd5 38. Kf3 Rc3 39. Rd1+ Ke6 40. Ra6 Rd8 41. Raa1 Rb8 42. Rab1 Rc4 43. b5 Rb6 44. Rd2 Rc5 45. Rdb2 Kd5 46. Rg2 Rcxb5 47. Rd1+ Kc4 48. Rxg6 d5 49. Rc1+ Kd3 50. Rd1+ Kc4 51. Rc1+ Kd3 52. Rgg1 Rb2 53. Rc5 Rd6 54. Rd1+ Rd2 55. Rdc1 Rb2 56. Rd1+ Rd2 57. Ra1 Rc2 58. Ra3+ Kd2 59. Rxc2+ Kxc2 60. Ra8 Kd3 61. Rf8 Re6 62. Rxf5 Rxe3+ 63. Kg4 d4 64. Rf6 Ke2 65. Rxh6 d3 66. Rd6 d2 67. Rxd2+ Kxd2 68. h5 Re1 69. h6 Rh1 70. Kg5 Ke3 71. Kg6 Kxf4 72. h7 Ke5 73. Kg7 1/2-1/2

[Event "Saint-Vincent 85/173"]
[Site "?"]
[Date "2002.??.??"]
[Round "?"]
[White "Sutovsky, E."]
[Black "Dominguez, L."]
[Result "1-0"]
[WhiteElo "2656"]
[BlackElo "2594"]
[PlyCount "71"]
[EventDate "2002.??.??"]
[Source "Chess Informant"]
[SourceDate "2002.06.01"]

1. e4 c5 2. Nf3 d6 3. g3 Nf6 4. d3 g6 5. Bg2 Bg7 6. O-O Nc6 7. Re1 O-O 8. c3 e5 9. Nbd2 h6 10. a3 Be6 11. b4 a6 12. Nb3 c4 13. dxc4 Bxc4 14. Nfd2 Be6 15. c4 Nd7 16. Bb2 Rc8 17. Rc1 Nb6 18. Bf1 Nd4 19. Na5 Qd7 20. Bxd4 exd4 21. Ndb3 Na4 22. Nxd4 b6 23. Nxe6 fxe6 24. Nb3 Qf7 25. Rc2 Nb2 26. Qxd6 Nxc4 27. Bxc4 Rxc4 28. Qxf8+ Qxf8 29. Rxc4 Qf3 30. Re3 Qd1+ 31. Kg2 Qd7 32. Nc1 b5 33. Rc2 Qd1 34. Rc8+ Kh7 35. Rd3 Qe1 36. Rd7 1-0

[Event "ECC, Panormo GRE"]
[Site "?"]
[Date "2001.??.??"]
[Round "6"]
[White "Pigusov, E."]
[Black "Zvjaginsev, V."]
[Result "1/2-1/2"]
[WhiteElo "2610"]
[BlackElo "2635"]
[PlyCount "32"]
[EventDate "2001.??.??"]
[Source "www.chesslib.no"]
[SourceDate "2004.05.04"]

1. Nf3 e6 2. g3 b5 3. Bg2 Bb7 4. d4 d5 5. O-O Nf6 6. c3 Nbd7 7. Bg5 c5 8. Nbd2 Be7 9. a4 a6 10. Bxf6 Nxf6 11. dxc5 Bxc5 12. b4 Bb6 13. axb5 axb5 14. Rxa8 Bxa8 15. Nd4 Qd7 16. N2f3 O-O 1/2-1/2

[Event "HUN-chT 9899"]
[Site "?"]
[Date "1999.??.??"]
[Round "?"]
[White "Pinter Jozsef"]
[Black "Almasi Zoltan"]
[Result "1/2-1/2"]
[WhiteElo "2595"]
[BlackElo "2650"]
[PlyCount "26"]
[EventDate "1999.??.??"]
[Source "www.chesslib.no"]
[SourceDate "2004.05.04"]

1. Nf3 c5 2. g3 Nc6 3. Bg2 g6 4. O-O Bg7 5. d3 e6 6. e4 Nge7 7. c3 O-O 8. Re1 b6 9. h4 h6 10. Nbd2 Ba6 11. Nf1 d6 12. N1h2 Ne5 13. Bf1 Nxf3+ 1/2-1/2

[Event "Novosibirsk"]
[Site "Novosibirsk"]
[Date "1995.??.??"]
[Round "6"]
[White "Ehlvest, Jaan"]
[Black "Rublevsky, Sergei"]
[Result "1/2-1/2"]
[WhiteElo "2630"]
[BlackElo "2595"]
[PlyCount "35"]
[EventDate "1995.10.??"]
[Source "ChessBase"]

1. e4 c5 2. Nf3 e6 3. d3 Nc6 4. g3 Nge7 5. Bg2 g6 6. O-O Bg7 7. c3 O-O 8. Be3 b6 9. d4 cxd4 10. Nxd4 Bb7 11. Nxc6 Bxc6 12. Qd6 Re8 13. Nd2 Qb8 14. Qxb8 Raxb8 15. f4 d5 16. e5 Bb5 17. Rfe1 Rec8 18. Nf3 1/2-1/2

[Event "Russia Cup GP 6"]
[Site "?"]
[Date "1997.03.14"]
[Round "4"]
[White "Fedorov Alexei"]
[Black "Rublevsky Sergei"]
[Result "1-0"]
[WhiteElo "2580"]
[BlackElo "2645"]
[PlyCount "75"]
[EventDate "1997.??.??"]
[Source "www.chesslib.no"]
[SourceDate "2004.05.04"]

1. e4 c5 2. Nf3 e6 3. d3 Nc6 4. g3 Nge7 5. Bg2 g6 6. O-O Bg7 7. Nc3 O-O 8. Be3 Nd4 9. Nh4 b6 10. Qd2 Bb7 11. f4 d6 12. Nd1 f5 13. c3 Ndc6 14. Nf2 d5 15. Qc2 Qd7 16. Rad1 Rac8 17. Bc1 b5 18. Nf3 d4 19. Rfe1 Kh8 20. Qb3 a6 21. Ng5 Nd8 22. cxd4 cxd4 23. Bd2 h6 24. Nf3 Nec6 25. h4 Bf6 26. Rc1 Nf7 27. g4 fxg4 28. Nxg4 Bg7 29. e5 Ne7 30. Nf6 Bxf6 31. exf6 Rxc1 32. Bxc1 Nf5 33. Qxe6 Qxe6 34. Rxe6 Rc8 35. Bd2 Rc2 36. Ne5 Bxg2 37. Re8+ Kh7 38. Nxf7 1-0

[Event "Moscow PCA qual"]
[Site "Moscow"]
[Date "1996.??.??"]
[Round "7"]
[White "Dolmatov, Sergey"]
[Black "Rublevsky, Sergei"]
[Result "0-1"]
[WhiteElo "2610"]
[BlackElo "2610"]
[PlyCount "80"]
[EventDate "1996.??.??"]
[Source "ChessBase"]

1. e4 c5 2. Nf3 e6 3. d3 Nc6 4. g3 Nge7 5. Bg2 g6 6. O-O Bg7 7. c3 O-O 8. Re1 d6 9. a3 e5 10. b4 Be6 11. Nbd2 h6 12. Bb2 b5 13. Nf1 Qb6 14. Qd2 Rfd8 15. Ne3 a5 16. Nh4 axb4 17. axb4 cxb4 18. cxb4 Ra4 19. Rxa4 bxa4 20. Ba3 Nd4 21. Nf3 Nb5 22. Bb2 Rc8 23. Bf1 Bb3 24. Nc4 Qd8 25. Rc1 Nc6 26. Na3 Nxa3 27. Bxa3 Na7 28. Qb2 Nb5 29. Nd2 Rxc1 30. Qxc1 Be6 31. Bb2 d5 32. Nb1 Qa8 33. Bg2 dxe4 34. dxe4 Nd4 35. Qc7 Qa6 36. Bxd4 Qd3 37. Bb2 Qd1+ 38. Bf1 Qxb1 39. Qc1 Qxe4 40. Ba3 Bd5 0-1

[Event "2nd IECC, Ohrid MKD"]
[Site "?"]
[Date "2001.??.??"]
[Round "3"]
[White "Movsesian, S."]
[Black "Neverov, V."]
[Result "1/2-1/2"]
[WhiteElo "2660"]
[BlackElo "2560"]
[PlyCount "67"]
[EventDate "2001.??.??"]
[Source "www.chesslib.no"]
[SourceDate "2004.05.04"]

1. g3 c5 2. Bg2 Nc6 3. Nf3 g6 4. O-O Bg7 5. c3 Nf6 6. Re1 d5 7. d3 O-O 8. Nbd2 d4 9. Qc2 Nd5 10. Ne4 b6 11. cxd4 Nxd4 12. Nxd4 cxd4 13. Qb3 Bb7 14. a4 Rb8 15. Nd2 Nc7 16. Bxb7 Rxb7 17. Nc4 Ne6 18. Bd2 Qd7 19. Rec1 Rc8 20. Qd1 h5 21. b4 Nc7 22. Qb3 Nd5 23. b5 Rc5 24. Qd1 h4 25. Qf1 Rbc7 26. Qg2 Qe6 27. Re1 hxg3 28. hxg3 Rc8 29. Rac1 Bf6 30. Qf3 Nc3 31. e3 Qd7 32. exd4 Rf5 33. Qg4 Bxd4 34. Ne3 1/2-1/2

[Event "XVII Festival"]
[Site "Abu Dhabi EAU"]
[Date "2007.08.16"]
[Round "5"]
[White "Amin, B."]
[Black "Miroshnichenko, E."]
[Result "1-0"]
[WhiteElo "2535"]
[BlackElo "2671"]
[PlyCount "125"]
[EventDate "2007.08.12"]
[Source "www.chesslib.no"]
[SourceDate "2004.05.04"]

1. e4 c5 2. Nf3 Nc6 3. g3 g6 4. Bg2 Bg7 5. d3 e6 6. O-O Nge7 7. Re1 O-O 8. c3 b6 9. Nbd2 d6 10. Nf1 Ba6 11. d4 cxd4 12. cxd4 Qd7 13. Be3 Rac8 14. Qd2 d5 15. e5 Nf5 16. Bf4 Qe7 17. Ne3 Qb4 18. Nxf5 Qxd2 19. Bxd2 gxf5 20. Rac1 Rfe8 21. Rc3 f6 22. Rec1 Bb7 23. exf6 Bxf6 24. Be3 Na5 25. Bg5 Rxc3 26. Rxc3 Bxg5 27. Nxg5 h6 28. Nf3 Rc8 29. Rxc8+ Bxc8 30. Bf1 Bd7 31. Ne5 Be8 32. f3 Kg7 33. Kf2 Kf6 34. Ke3 Nb7 35. Kf4 Nd6 36. g4 Bb5 37. Bg2 Nc4 38. Bf1 Nd6 39. Bh3 Be8 40. b3 Nb5 41. Ke3 f4+ 42. Kxf4 Nxd4 43. Bf1 Nc6 44. h4 Nxe5 45. g5+ hxg5+ 46. hxg5+ Kg6 47. Kxe5 Kxg5 48. Be2 Bf7 49. f4+ Kh4 50. Kf6 Bg8 51. Kg7 Kg3 52. Kxg8 Kxf4 53. Kf7 e5 54. Ke6 d4 55. Kd5 a5 56. Bd3 Ke3 57. Bg6 Kd2 58. Kxe5 Kc3 59. Kd5 Kb2 60. Kxd4 Kxa2 61. Kc3 Ka3 62. Be8 Ka2 63. Ba4 1-0

[Event "Ischia"]
[Site "Ischia"]
[Date "1996.??.??"]
[Round "3"]
[White "Romanishin, Oleg M"]
[Black "Hodgson, Julian M"]
[Result "1-0"]
[WhiteElo "2590"]
[BlackElo "2615"]
[PlyCount "79"]
[EventDate "1996.06.??"]
[Source "ChessBase"]

1. Nf3 b5 2. g3 Bb7 3. Bg2 c5 4. O-O Nf6 5. d3 g6 6. e4 Bg7 7. e5 Nd5 8. d4 cxd4 9. Nxd4 Qb6 10. a4 Nc7 11. Bxb7 Qxb7 12. Nxb5 Nxb5 13. axb5 Qxb5 14. Nc3 Qb7 15. Ra5 Nc6 16. Rb5 Qc8 17. Bf4 O-O 18. Nd5 Re8 19. Re1 Rb8 20. Rxb8 Nxb8 21. c3 Nc6 22. b4 Nd8 23. Bg5 Bf8 24. Be3 Qb7 25. f4 Ne6 26. Qd3 Nc7 27. Nxc7 Qxc7 28. Ra1 Ra8 29. Bd4 Qb7 30. Qa6 Qc7 31. Qf1 Qb7 32. Qg2 Qc8 33. Qf3 a6 34. b5 a5 35. b6 Qa6 36. Qf1 Qxf1+ 37. Kxf1 a4 38. Ke2 e6 39. Kd3 a3 40. Kc4 1-0

[Event "Moscow ol (Men)"]
[Site "Moscow"]
[Date "1994.??.??"]
[Round "5"]
[White "Yermolinsky, Alex"]
[Black "Portisch, Lajos"]
[Result "1/2-1/2"]
[WhiteElo "2590"]
[BlackElo "2610"]
[PlyCount "96"]
[EventDate "1994.11.??"]
[Source "ChessBase"]

1. Nf3 e6 2. g3 b5 3. Bg2 Bb7 4. O-O c5 5. d3 Be7 6. e4 d6 7. Re1 Nd7 8. c3 Ngf6 9. Nbd2 O-O 10. d4 cxd4 11. Nxd4 Qb6 12. Qe2 a6 13. a4 Rfb8 14. b4 e5 15. N4b3 Nf8 16. Na5 Bc8 17. Nf1 Bg4 18. Qc2 Bd7 19. axb5 axb5 20. Bg5 Ne6 21. Bxf6 Bxf6 22. Ne3 Nc7 23. h4 Be7 24. Qd3 g6 25. Red1 h5 26. Rd2 Rc8 27. Rda2 Bf6 28. Rd1 Be7 29. Kh2 Be6 30. Rad2 Ne8 31. Kg1 Nf6 32. Rc2 Bf8 33. Ra1 Bh6 34. Nd5 Nxd5 35. exd5 Bf5 36. Be4 Bd7 37. Bg2 f5 38. Qe2 e4 39. Bf1 Rab8 40. Rd1 f4 41. Nc6 Bxc6 42. dxc6 Qxc6 43. Qd2 e3 44. Qxd6 exf2+ 45. Rxf2 Qxd6 46. Rxd6 Rxc3 47. gxf4 Rg3+ 48. Rg2 Rxg2+ 1/2-1/2

[Event "Novosibirsk"]
[Site "?"]
[Date "1993.??.??"]
[Round "?"]
[White "Pigusov, E."]
[Black "Ehlvest, J."]
[Result "0-1"]
[WhiteElo "2575"]
[BlackElo "2625"]
[PlyCount "80"]
[EventDate "1993.??.??"]
[Source "ChessBase"]
[SourceDate "1993.06.01"]

1. Nf3 b6 2. c4 Bb7 3. Nc3 e6 4. g3 Bb4 5. Bg2 Bxc3 6. bxc3 Ne7 7. O-O O-O 8. a4 Nbc6 9. d3 Na5 10. e4 f5 11. exf5 Nxf5 12. Bf4 Ne7 13. Be3 Ng6 14. Ng5 Bxg2 15. Qh5 h6 16. Qxg6 hxg5 17. Bxg5 Be4 18. dxe4 Qe8 19. Qxe8 Raxe8 20. Rad1 d6 21. c5 bxc5 22. e5 d5 23. Rb1 a6 24. Be3 c4 25. f4 Nb3 26. Rf2 c5 27. Rc2 Rb8 28. Kg2 Kf7 29. h4 g6 30. Rcb2 Rbc8 31. Bf2 Ke7 32. Kf3 Kd7 33. Kg4 Rf5 34. Kf3 Kc6 35. g4 Rf7 36. Rh1 Rcf8 37. Bg3 d4 38. Ke4 dxc3 39. Rf2 Rd7 40. h5 Rd3 0-1

[Event "Wijk aan Zee (open)"]
[Site "?"]
[Date "1993.??.??"]
[Round "?"]
[White "Huzman, A."]
[Black "Schmittdiel, E."]
[Result "1-0"]
[WhiteElo "2575"]
[BlackElo "2625"]
[PlyCount "27"]
[EventDate "1993.??.??"]
[Source "ChessBase"]
[SourceDate "1993.06.01"]

1. Nf3 e6 2. g3 f5 3. Bg2 Nf6 4. O-O d5 5. d3 Bc5 6. c4 O-O 7. Qc2 d4 8. Nbd2 Nc6 9. Nb3 Be7 10. c5 h6 11. Qc4 Qd5 12. Bf4 Qxc4 13. dxc4 Ne8 14. Ne5 1-0

[Event "Presidents Cup"]
[Site "Elista"]
[Date "1998.05.09"]
[Round "1.3"]
[White "Makarov, Marat"]
[Black "Zvjaginsev, Vadim"]
[Result "0-1"]
[WhiteElo "2540"]
[BlackElo "2655"]
[PlyCount "94"]
[EventDate "1998.05.07"]
[Source "ChessBase"]
[SourceDate "1998.08.06"]

1. Nf3 c5 2. g3 Nc6 3. Bg2 g6 4. c3 Bg7 5. d4 cxd4 6. cxd4 d5 7. O-O e6 8. Nc3 Nge7 9. Bf4 O-O 10. Qd2 Nf5 11. e3 Bd7 12. g4 Nh4 13. Nxh4 Qxh4 14. h3 Qe7 15. Rfc1 Rfc8 16. Nb5 Qb4 17. Qe2 a6 18. Nc3 Na5 19. Rab1 b5 20. a3 Qf8 21. Rd1 Bc6 22. Na2 Bb7 23. Nb4 Rc4 24. Nd3 Nb3 25. Ne5 Bxe5 26. Bxe5 f6 27. Bg3 a5 28. e4 Nxd4 29. Qe3 e5 30. exd5 Qf7 31. b3 Rc3 32. Qe4 a4 33. bxa4 Rxa4 34. Rxb5 f5 35. gxf5 gxf5 36. Rxd4 fxe4 37. Rxa4 Rxg3 38. fxg3 e3 39. Rb2 Bxd5 40. Re2 Bxg2 41. Kxg2 Qb7+ 42. Kg1 Qf3 43. Rb2 Qd1+ 44. Kg2 Qxa4 45. Kf3 Qc6+ 46. Ke2 Qc4+ 47. Kf3 e4+ 0-1

[Event "4. IECC"]
[Site "?"]
[Date "2003.06.06"]
[Round "7"]
[White "Anastasian Ashot"]
[Black "Moiseenko Alexander"]
[Result "1-0"]
[WhiteElo "2561"]
[BlackElo "2627"]
[PlyCount "127"]
[EventDate "2003.??.??"]
[Source "www.chesslib.no"]
[SourceDate "2004.05.04"]

1. Nf3 c5 2. g3 Nc6 3. Bg2 g6 4. O-O Bg7 5. e4 e5 6. c4 Nge7 7. Nc3 O-O 8. a3 d6 9. d3 f5 10. exf5 Bxf5 11. Bg5 Qd7 12. Bxe7 Nxe7 13. Ne1 Bg4 14. Qd2 Nf5 15. Nc2 Bh6 16. Qe1 Rae8 17. Ne4 Qa4 18. Qc3 Nd4 19. Nxd4 exd4 20. Qe1 Kh8 21. Qb1 Qb3 22. a4 a5 23. Ra3 Qb6 24. Qc2 Qc7 25. Raa1 b6 26. Rae1 Qd7 27. Qb3 Rb8 28. f4 Be6 29. h4 Bg7 30. Qb5 Qxb5 31. axb5 Bf5 32. Nf2 Rbe8 33. Be4 Bc8 34. Kg2 Bf6 35. b3 Kg7 36. Kf3 Bd7 37. Bc6 Bxc6+ 38. bxc6 Kf7 39. Ne4 Be7 40. Re2 Rc8 41. Rfe1 Rc7 42. Ng5+ Bxg5 43. hxg5 Rd8 44. g4 d5 45. Re6 dxc4 46. bxc4 Rdc8 47. f5 Rxc6 48. Re7+ Kg8 49. Rh1 R6c7 50. Rhxh7 Rxe7 51. Rxe7 Ra8 52. Re6 gxf5 53. gxf5 a4 54. Rxb6 a3 55. Rb1 Re8 56. f6 a2 57. Ra1 Ra8 58. Ke4 Kf7 59. Kf5 Ra3 60. g6+ Kg8 61. Rh1 a1=Q 62. f7+ Kg7 63. Rh7+ Kf8 64. Rh8+ 1-0

[Event "Open"]
[Site "?"]
[Date "2002.04.15"]
[Round "6"]
[White "Romanishin Oleg M"]
[Black "Baklan Vladimir"]
[Result "1/2-1/2"]
[WhiteElo "2576"]
[BlackElo "2609"]
[PlyCount "54"]
[EventDate "2002.??.??"]
[Source "www.chesslib.no"]
[SourceDate "2004.05.04"]

1. Nf3 c5 2. g3 Nf6 3. Bg2 Nc6 4. c4 d6 5. O-O g6 6. d4 cxd4 7. Nxd4 Bd7 8. b3 Bg7 9. Bb2 O-O 10. Nc3 Qa5 11. e3 Rab8 12. a3 Rfc8 13. h3 a6 14. Rc1 Qd8 15. Re1 Na5 16. Na2 Be8 17. Nb4 Nd7 18. Bc3 e5 19. Nf3 Nc5 20. Nd2 Kh8 21. Rb1 b5 22. Nd5 Nc6 23. Rf1 f5 24. b4 Na4 25. Ba1 Ne7 26. Rc1 Bf7 27. e4 Nb6 1/2-1/2

[Event "Open, Ubeda ESP"]
[Site "?"]
[Date "2001.??.??"]
[Round "8"]
[White "Zhang Zhong"]
[Black "Kobalija, M."]
[Result "1-0"]
[WhiteElo "2605"]
[BlackElo "2580"]
[PlyCount "127"]
[EventDate "2001.??.??"]
[Source "www.chesslib.no"]
[SourceDate "2004.05.04"]

1. e4 c5 2. Nf3 e6 3. d3 Nc6 4. g3 Nge7 5. Bg2 g6 6. O-O Bg7 7. c3 O-O 8. d4 cxd4 9. cxd4 d5 10. e5 Nf5 11. Nc3 f6 12. g4 Nfe7 13. exf6 Rxf6 14. Be3 Rf8 15. Qd2 Bd7 16. h3 Nc8 17. Rfe1 Nd6 18. b3 Qa5 19. Rac1 Rac8 20. Qd3 Nb4 21. Qb1 Nc6 22. Qd3 Nb4 23. Qd2 Nc6 24. Bf4 Nf7 25. Qe3 Nb4 26. h4 Nxa2 27. Nxa2 Qxa2 28. h5 Qa3 29. hxg6 hxg6 30. Qd3 Qe7 31. Rxc8 Bxc8 32. g5 Nd6 33. Bxd6 Qxd6 34. Qxg6 Qf4 35. Re3 Qf5 36. Qxf5 Rxf5 37. Bh3 Rf8 38. Kg2 Re8 39. Rc3 Bd7 40. Rc7 Bc6 41. Bg4 Kf8 42. Kg3 a5 43. Bh5 Ra8 44. Bf7 a4 45. bxa4 Rxa4 46. Bxe6 Be8 47. Rxb7 Ra3 48. Rb4 Bh5 49. Bxd5 Bxf3 50. Bxf3 Rd3 51. d5 Be5+ 52. Kg2 Rd2 53. Kf1 Bd4 54. Be2 Bc5 55. Rb5 Bd4 56. Rb3 Ke7 57. Rf3 Kd6 58. Rf5 Bc5 59. g6 Bd4 60. Rf7 Ra2 61. Bg4 Kxd5 62. Rd7+ Kc5 63. Rxd4 Kxd4 64. g7 1-0